| 000 | 00000nam##2200000za#4500 |
| 001 | 9.602212 |
| 003 | CaOODSP |
| 005 | 20210624210446 |
| 007 | cr ||||||||||| |
| 008 | 150406|1999||||xxc|||||o f|0| 0 fre|d |
| 040 | |aCaOODSP|bfre |
| 043 | |an-cn--- |
| 086 | 1 |aNH18-24/15F-PDF |
| 110 | 2 |aSociété canadienne d'hypothèques et de logement. |
| 245 | 10|aL'enlèvement de la glace sur les toitures |h[ressource électronique] |
| 260 | |aOttawa - Ontario : |bSociété canadienne d'hypothèques et de logement |cc1999. |
| 300 | |a6p.|bfigures |
| 490 | 1 |aVotre maison |vCF15 |
| 590 | |a11-23-Supp|b2011-10-17 |
| 691 | 07|aLogement|2gcpds |
| 691 | 07|aGlace|2gcpds |
| 691 | 07|aSécurité|2gcpds |
| 775 | 08|tRemoving ice on roofs |w(CaOODSP)9.571787 |
| 776 | 0#|tL'enlèvement de la glace sur les toitures |w(CaOODSP)9.625689 |
| 830 | #0|aVotre maison ;|vCF15|w(CaOODSP)9.501787 |
| 856 | 40|ahttp://publications.gc.ca|qPDF|s123 Ko|uhttps://publications.gc.ca/collections/Collection/NH18-24-15F.pdf|yCF15 |